000
00343nam a2200133Ia 4500
008
151001s9999||||xx |||||||||||||| ||und||
100
_a
मुक्ता केणेकर
245
_a
कवीची करामत
250
_a
1
260
_b
वोरा अड कंपनी
260
_c
1971
300
_a
103
365
_b
18
999
_c
957357
_d
957354